El seguro de accidentes del trabajo y enfermedades profesionales
Guardat en:
| Format: | Llibre |
|---|---|
| Idioma: | espanyol |
| Publicat: |
Santiago, Chile
Legal Publishing
2009
|
| Edició: | Segunda edición |
| Matèries: | |
| Etiquetes: |
Afegir etiqueta
Sense etiquetes, Sigues el primer a etiquetar aquest registre!
|
MARC
| LEADER | 00000nam a2200000 a 4500 | ||
|---|---|---|---|
| 001 | UCH8926 | ||
| 003 | CL-VaPUC | ||
| 005 | 20230525074428.0 | ||
| 008 | 091217e20090000CL |||||||||||||||||spa|d | ||
| 999 | |c 339007 |d 339005 | ||
| 020 | |a 9789562386746 | ||
| 040 | |c Pontificia Universidad Católica de Valparaíso | ||
| 082 | 0 | 4 | |a 344.022 SEG 2009 |2 21 |
| 245 | 1 | 3 | |a El seguro de accidentes del trabajo y enfermedades profesionales |
| 250 | |a Segunda edición | ||
| 260 | 0 | 3 | |a Santiago, Chile |b Legal Publishing |c 2009 |
| 300 | |a 680 páginas | ||
| 583 | |a last modification |c 20170803 12:09:31 |k Rodrigo Vera | ||
| 650 | 7 | |a DERECHO LABORAL |2 CL-VaPUC |9 15 | |
| 650 | 0 | |a Seguridad social |9 255322 | |
| 650 | 7 | |a SEGURO DE ACCIDENTES |2 CL-VaPUC |9 358749 | |
| 650 | 0 | |a Enfermedades profesionales |9 368084 | |
| 650 | 0 | |a Código del trabajo |9 255479 | |
| 650 | 0 | |a Accidentes de trabajo |9 254901 | |
| 942 | |c BK |2 ddc | ||
| 945 | |d 20091217 00:00:00 |a rbrito | ||